<?xml version="1.0" encoding="UTF-8"?>
<record
    xmlns:xsi="http://www.w3.org/2001/XMLSchema-instance"
    xsi:schemaLocation="http://www.loc.gov/MARC21/slim http://www.loc.gov/standards/marcxml/schema/MARC21slim.xsd"
    xmlns="http://www.loc.gov/MARC21/slim">

  <leader>01345nam a22002057a 4500</leader>
  <controlfield tag="003">IT-MiCISF</controlfield>
  <controlfield tag="005">20210729110559.0</controlfield>
  <controlfield tag="008">210729b           ||||| |||| 00| 0 eng d</controlfield>
  <datafield tag="040" ind1=" " ind2=" ">
    <subfield code="c">IT-MiCISF</subfield>
  </datafield>
  <datafield tag="041" ind1=" " ind2=" ">
    <subfield code="a">it</subfield>
  </datafield>
  <datafield tag="100" ind1=" " ind2=" ">
    <subfield code="a">Calvani Sandro</subfield>
    <subfield code="9">59005</subfield>
  </datafield>
  <datafield tag="245" ind1=" " ind2=" ">
    <subfield code="a">La consegna intergenerazionale</subfield>
    <subfield code="b">Tra sfide emergenti e nuove responsabilit&#xE0;</subfield>
  </datafield>
  <datafield tag="260" ind1=" " ind2=" ">
    <subfield code="a">Milano</subfield>
    <subfield code="b">FrancoAngeli</subfield>
    <subfield code="c">2021</subfield>
  </datafield>
  <datafield tag="300" ind1=" " ind2=" ">
    <subfield code="a">pp. 124</subfield>
  </datafield>
  <datafield tag="500" ind1=" " ind2=" ">
    <subfield code="a">educazione, rapporti-intergenerazionali, rapporti-sociali</subfield>
  </datafield>
  <datafield tag="520" ind1=" " ind2=" ">
    <subfield code="a">Il nostro tempo &#xE8; caratterizzato da un cambiamento epocale, che sta distruggendo il tessuto connettivo delle societ&#xE0; umane e che ancora fatica a fondare, nonch&#xE9; praticare, una buona relazione tra libert&#xE0;, uguaglianza e fratellanza. La speranza che si possa tornare a un tempo di un umanesimo generativo si misura con lo "stato di salute" dell'anello pi&#xF9; debole: la capacit&#xE0; di consegna intergenerazionale dei beni comuni globali. Solamente chi sapr&#xE0; entrare con saggezza e coraggio nella dinamica contemporanea della consegna intergenerazionale, ripensando responsabilit&#xE0; e riconoscimento nell'orizzonte di una circolarit&#xE0; tra passato, presente e futuro, vivr&#xE0; una felicit&#xE0; grande, in cui il progresso del genere umano ben si concilier&#xE0; con giustizia e pace.</subfield>
  </datafield>
  <datafield tag="650" ind1=" " ind2=" ">
    <subfield code="a">educazione</subfield>
    <subfield code="9">56062</subfield>
  </datafield>
  <datafield tag="654" ind1=" " ind2=" ">
    <subfield code="a">saggio</subfield>
  </datafield>
  <datafield tag="942" ind1=" " ind2=" ">
    <subfield code="2">ddc</subfield>
    <subfield code="c">BK</subfield>
  </datafield>
  <datafield tag="999" ind1=" " ind2=" ">
    <subfield code="c">359349</subfield>
    <subfield code="d">359349</subfield>
  </datafield>
  <datafield tag="952" ind1=" " ind2=" ">
    <subfield code="0">0</subfield>
    <subfield code="1">0</subfield>
    <subfield code="2">ddc</subfield>
    <subfield code="4">0</subfield>
    <subfield code="6">A_2342_000000000000000</subfield>
    <subfield code="7">1</subfield>
    <subfield code="a">CISF</subfield>
    <subfield code="b">CISF</subfield>
    <subfield code="d">2021-07-29</subfield>
    <subfield code="l">0</subfield>
    <subfield code="o">a2342</subfield>
    <subfield code="p">9788835109532</subfield>
    <subfield code="r">2021-07-29 00:00:00</subfield>
    <subfield code="w">2021-07-29</subfield>
    <subfield code="y">BK</subfield>
  </datafield>
</record>
